| 000 | 00739nam a22002417a 4500 | ||
|---|---|---|---|
| 005 | 20190713130731.0 | ||
| 008 | 190713b xxu||||| |||| 00| 0 eng d | ||
| 020 |
_a9788189059712 _cRs 295 |
||
| 040 | _beng | ||
| 041 | _aEnglish | ||
| 082 |
_a305.5122 _bFIG |
||
| 100 |
_aFigueira, Dorothy M _d1955- _qDorothy Matilda Figueira |
||
| 245 |
_aAryans, Jews, Brahmins: _bTheorizing authority through myths of identity _cDorothy M Figueira |
||
| 260 |
_aNew Delhi _bNavayana Publishing Pvt. Ltd. _c2015 |
||
| 300 |
_axi,205p _b21 cm |
||
| 504 | _aIncludes bibliographic references and index | ||
| 650 | _aCastes in India | ||
| 650 | _aCivilization | ||
| 650 | _aIndo-Aryans | ||
| 650 | _aAntisemitism | ||
| 850 | _aLCLIB | ||
| 942 | _cBK | ||
| 999 |
_c42251 _d92730 |
||